Music Quiz

Random Music or Lyrics Quiz

Dance With You, Marcus & Martinus lyrics Quiz Stats

 Plays Quiz not verified by Sporcle

Support Sporcle.
Go Orange.
Score 0/293 Timer 07:00
0 Plays Today
Answer % Correct
???
96.9%
???
96.9%
???
96.9%
???
96.9%
???
96.9%
???
96.9%
???
96.9%
???
96.9%
???
96.9%
???
96.9%
???
96.9%
???
96.9%
???
96.9%
???
96.9%
???
96.9%
???
96.9%
???
96.9%
???
96.9%
???
96.9%
???
96.9%
???
96.9%
???
96.9%
???
96.9%
???
96.9%
???
96.9%
???
96.9%
???
96.9%
???
96.9%
???
96.9%
???
96.9%
???
96.9%
???
96.9%
???
89.2%
???
89.2%
???
89.2%
???
89.2%
???
89.2%
???
89.2%
???
89.2%
???
89.2%
???
89.2%
???
89.2%
???
89.2%
???
89.2%
???
89.2%
???
89.2%
???
89.2%
???
87.7%
???
87.7%
???
87.7%
???
87.7%
???
87.7%
???
87.7%
???
87.7%
???
87.7%
???
87.7%
???
87.7%
???
87.7%
???
87.7%
???
87.7%
???
87.7%
???
87.7%
???
87.7%
???
87.7%
???
86.2%
???
86.2%
???
86.2%
???
86.2%
???
86.2%
???
86.2%
???
86.2%
???
86.2%
???
86.2%
???
86.2%
???
86.2%
???
86.2%
???
86.2%
???
83.1%
???
83.1%
???
83.1%
???
83.1%
???
83.1%
???
83.1%
???
83.1%
???
83.1%
???
83.1%
???
83.1%
???
83.1%
???
83.1%
???
83.1%
???
83.1%
???
83.1%
???
83.1%
???
83.1%
???
83.1%
???
83.1%
???
83.1%
???
83.1%
Answer % Correct
???
83.1%
???
83.1%
???
83.1%
???
83.1%
???
83.1%
???
83.1%
???
83.1%
???
83.1%
???
83.1%
???
83.1%
???
83.1%
???
83.1%
???
83.1%
???
83.1%
???
83.1%
???
83.1%
???
83.1%
???
80%
???
80%
???
80%
???
80%
???
80%
???
80%
???
80%
???
80%
???
80%
???
80%
???
80%
???
80%
???
80%
???
80%
???
80%
???
80%
???
80%
???
80%
???
80%
???
80%
???
80%
???
80%
???
80%
???
78.5%
???
78.5%
???
78.5%
???
76.9%
???
75.4%
???
75.4%
???
75.4%
???
75.4%
???
75.4%
???
75.4%
???
73.8%
???
73.8%
???
73.8%
???
73.8%
???
73.8%
???
73.8%
???
73.8%
???
73.8%
???
73.8%
???
72.3%
???
72.3%
???
72.3%
???
72.3%
???
72.3%
???
72.3%
???
72.3%
???
72.3%
???
72.3%
???
72.3%
???
72.3%
???
72.3%
???
72.3%
???
72.3%
???
72.3%
???
72.3%
???
72.3%
???
72.3%
???
72.3%
???
72.3%
???
72.3%
???
72.3%
???
72.3%
???
72.3%
???
72.3%
???
72.3%
???
70.8%
???
70.8%
???
70.8%
???
70.8%
???
70.8%
???
70.8%
???
70.8%
???
70.8%
???
70.8%
???
70.8%
???
70.8%
???
70.8%
???
70.8%
Answer % Correct
???
70.8%
???
70.8%
???
70.8%
???
70.8%
???
70.8%
???
70.8%
???
70.8%
???
70.8%
???
70.8%
???
70.8%
???
70.8%
???
70.8%
???
70.8%
???
70.8%
???
70.8%
???
70.8%
???
70.8%
???
69.2%
???
69.2%
???
69.2%
???
69.2%
???
69.2%
???
69.2%
???
69.2%
???
69.2%
???
69.2%
???
69.2%
???
69.2%
???
69.2%
???
69.2%
???
69.2%
???
67.7%
???
67.7%
???
67.7%
???
67.7%
???
67.7%
???
67.7%
???
67.7%
???
67.7%
???
67.7%
???
66.2%
???
66.2%
???
66.2%
???
66.2%
???
66.2%
???
66.2%
???
66.2%
???
66.2%
???
66.2%
???
66.2%
???
66.2%
???
66.2%
???
63.1%
???
63.1%
???
63.1%
???
61.5%
???
61.5%
???
61.5%
???
61.5%
???
61.5%
???
61.5%
???
61.5%
???
60%
???
60%
???
60%
???
60%
???
58.5%
???
58.5%
???
58.5%
???
58.5%
???
58.5%
???
58.5%
???
56.9%
???
55.4%
???
55.4%
???
55.4%
???
55.4%
???
55.4%
???
55.4%
???
55.4%
???
52.3%
???
52.3%
???
52.3%
???
52.3%
???
50.8%
???
50.8%
???
50.8%
???
50.8%
???
47.7%
???
47.7%
???
46.2%
???
46.2%
???
44.6%
???
44.6%
???
43.1%
???
36.9%
???
35.4%

You're not logged in!

Compare scores with friends on all Sporcle quizzes.
OR
Log In

From the Vault

'Wrecking Ball' Lyrics

by sproutcm

It's totally okay to admit you love this song.
Remove Ads.
Support Sporcle.
Get the best of Sporcle when you Go Orange. This ad-free experience offers more features, more stats, and more fun while also helping to support Sporcle. Thank you for becoming a member.

Show Comments

Extras

Created Dec 1, 2017ReportNominate
Tags:Lyrics Quiz

Top Quizzes Today


Score Distribution

Your Account Isn't Verified!

In order to create a playlist on Sporcle, you need to verify the email address you used during registration. Go to your Sporcle Settings to finish the process.

Report this User

Report this user for behavior that violates our Community Guidelines.

Details: